Grandes Guerras de nuestro tiempo / (Record no. 21121)

000 -CABECERA
fixed length control field 01290nam a22002417a 4500
003 - IDENTIFICADOR DEL NÚMERO DE CONTROL
control field AR-CdUCM
008 - DATOS DE LONGITUD FIJA--INFORMACIÓN GENERAL
fixed length control field 190318b ||||| |||| 00| 0 spa d
020 ## - NÚMERO INTERNACIONAL ESTÁNDAR DEL LIBRO
ISBN 84-02-06775-1
040 ## - FUENTE DE LA CATALOGACIÓN
Agencia/entidad que catalogó originalmente la obra MUNICIPALIDAD PROVINCIAL DEL CUSCO
Entidad que transcribió la catalogación BIBLIOTECA MUNICIPAL DEL CUSCO
082 ## - NÚMERO DE LA CLASIFICACIÓN DECIMAL DEWEY
No. de Clasificación 940.53 /
Notacion interna Z67
100 ## - ENTRADA PRINCIPAL--NOMBRE DE PERSONA
Nombre Personal Zentner, Kurt
245 ## - MENCIÓN DE TÍTULO
Título Grandes Guerras de nuestro tiempo /
Resto del título Bruguera
260 ## - PUBLICACIÓN, DISTRIBUCIÓN, ETC.
Lugar de publicación, distribución, etc. Barcelona :
Nombre de la editorial, distribuidor, etc. Bruguera,
Fecha de publicación, distribución, etc. 1980.
300 ## - DESCRIPCIÓN FÍSICA
Nº de Páginas Extensión 15 volúmenes
Dimensiones 27 cm.
440 ## - MENCIÓN DE SERIE/PUNTO DE ACCESO ADICIONAL--TÍTULO
Título Grandes guerras de nuestro tiempo
9 (RLIN) 18322
505 ## - NOTA DE CONTENIDO CON FORMATO
Nota de contenido formateada Contenido : v.1 : El tercer Reich I -- v.2 : El tercer Reich II -- v.3 : El tercer Reich III -- v.4 : La segunda Guerra mundial I-- v.5 : La segunda Guerra mundial II -- v.6 -- La segunda Guerra mundial III -- V.7 : La Resistencia I -- V.8 : La Resistencia II -- V.9 : La Resistencia III -- v.10 : Espías, Agentes y Soldados I -- v.11 : Espías, Agentes y Soldados II -- V.12 : Espías, Agentes y Soldados III -- V.13 : Las Guerras de la Postguerra I -- v.14 : Las Guerras de la Postguerra II -- v.15 : Las Guerras de la Postguerra III...
650 ## - PUNTO DE ACCESO ADICIONAL DE MATERIA--TÉRMINO DE MATERIA
Descriptor Guerra Mundial, 1939-1945
9 (RLIN) 18335
650 ## - PUNTO DE ACCESO ADICIONAL DE MATERIA--TÉRMINO DE MATERIA
Descriptor Movimientos nasi
9 (RLIN) 18379
650 ## - PUNTO DE ACCESO ADICIONAL DE MATERIA--TÉRMINO DE MATERIA
Descriptor Segunda guerra mundial
9 (RLIN) 44031
650 ## - PUNTO DE ACCESO ADICIONAL DE MATERIA--TÉRMINO DE MATERIA
Descriptor Postguerra
9 (RLIN) 37054
942 ## - ELEMENTOS DE PUNTO DE ACCESO ADICIONAL (KOHA)
Fuente de clasificación
Tipo de item Libros-BMC
945 ## - PROCESAMIENTO DE INFORMACIÓN LOCAL (OCLC)
Catalogador rum
Holdings
Estado de retiro (separado) Fuente de clasificación o esquema de estanterías Estado dañado Ubicación Sala donde se ubica Nombre de la colección Fecha de adquisición o compra Costo, precio normal en soles Signatura topográfica Código de Barras Última vez visto (Koha) Tipo de ítem (Koha)
No     Sala Humanidades Sala Humanidades Book Cart 2019-10-22 60.00 086.940 / B85 / v.1 SH0000007402 2019-10-22 Libros-BMC
No     Sala Humanidades Sala Humanidades Book Cart 2019-10-22 60.00 086.940 / B85 / v.2 SH0000007403 2019-10-22 Libros-BMC
No     Sala Humanidades Sala Humanidades Book Cart 2019-10-22 60.00 086.940 / B85 / v.3 SH0000007404 2019-10-22 Libros-BMC
No     Sala Humanidades Sala Humanidades Book Cart 2019-10-22 60.00 086.940 / B85 / v.5 SH0000007394 2019-10-22 Libros-BMC
No     Sala Humanidades Sala Humanidades Book Cart 2019-10-22 60.00 086.940 / B85 / v.6 SH0000007395 2019-10-22 Libros-BMC
No     Sala Humanidades Sala Humanidades Book Cart 2019-10-22 60.00 086.940 / B85 / v.7 SH0000007396 2019-10-22 Libros-BMC
No     Sala Humanidades Sala Humanidades Book Cart 2019-10-22 60.00 086.940 / B85 / v.8 SH0000007397 2019-10-22 Libros-BMC
No     Sala Humanidades Sala Humanidades Book Cart 2019-10-22 60.00 086.940 / B85 / v.9 SH0000007398 2019-10-22 Libros-BMC
No     Sala Humanidades Sala Humanidades Book Cart 2019-10-22 60.00 086.940 / B85 / v.10 SH0000007399 2019-10-22 Libros-BMC
No     Sala Humanidades Sala Humanidades Book Cart 2019-10-22 60.00 086.940 / B85 / v.11 SH0000007400 2019-10-22 Libros-BMC
No     Sala Humanidades Sala Humanidades Book Cart 2019-10-22 60.00 086.940 / B85 / v.12 SH0000007401 2019-10-22 Libros-BMC
No     Sala Humanidades Sala Humanidades Book Cart 2019-10-22 60.00 086.940 / B85 / v.13 SH0000007405 2019-10-22 Libros-BMC
No     Sala Humanidades Sala Humanidades Book Cart 2019-10-22 60.00 086.940 / B85 / v.14 SH0000007406 2019-10-22 Libros-BMC
No     Sala Humanidades Sala Humanidades Book Cart 2019-10-22 60.00 086.940 / B85 / v.15 SH0000007407 2019-10-22 Libros-BMC
No     Sala Humanidades Sala Humanidades Book Cart 2019-10-22 60.00 086.940 / B85 / v.4 SH0000007393 2019-10-22 Libros-BMC

Powered by Koha